banner koha

Efeitos de dosagens de Aretan Forte sobre a germinacao de sementes e crescimento de plantulas de feijao-de-arranca (Phaseolus vulgaris L.) (Registro n. 301762)

MARC details
000 -LÍDER
campo de controle de tamanho fixo 01182naa a22003257a 4500
001 - NÚMERO DE CONTROLE
campo de controle BR6000818
003 - IDENTIFICADOR DO NÚMERO DE CONTROLE
campo de controle BR-BrBNA
005 - DATA E HORÁRIO DA ÚLTIMA TRANSAÇÃO
campo de controle 20240918172845.0
007 - CAMPO FIXO DE DESCRIÇÃO FÍSICA--INFORMAÇÃO GERAL
campo de controle de tamanho fixo ta
008 - CAMPO DE DADOS FIXOS--INFORMAÇÃO GERAL
campo de controle de tamanho fixo 230509b bl.||||| |||| 00| 0 por d
040 ## - FONTE DA CATALOGAÇÃO
Instituição da catalogação original BR-BrBNA
Idioma da catalogação por
Instituição que transcreveu o registro Biblioteca Nacional de Agricultura
041 ## - CÓDIGO DE IDIOMA
Código do idioma do texto/trilha sonora ou título diferente (Pt)
072 ## - CÓDIGO DE CATEGORIA DE ASSUNTO
Código de Categoria de Assunto F60
Código do objeto 1410
-- 3575
090 ## - NÚMERO DE CHAMADA LOCAL
Número de chamada F60 BR6000818
100 1# - ENTRADA PRINCIPAL--NOME PESSOAL
Nome pessoal Brito, V.L.P. de
100 1# - ENTRADA PRINCIPAL--NOME PESSOAL
Nome pessoal Sena, R.C. de
100 1# - ENTRADA PRINCIPAL--NOME PESSOAL
Nome pessoal Lima, J.R.T. de
100 1# - ENTRADA PRINCIPAL--NOME PESSOAL
Nome pessoal Moura, R.M. de
111 1# - ENTRADA PRINCIPAL--NOME DO EVENTO
Nome do evento ou lugar 3. Seminario Brasileiro de Sementes
Local do evento Recife, PE (Brazil)
Data do evento ou assinatura do tratado 14 Sep 1970
245 1# - TÍTULO
Título Efeitos de dosagens de Aretan Forte sobre a germinacao de sementes e crescimento de plantulas de feijao-de-arranca (Phaseolus vulgaris L.)
260 3# - PUBLICAÇÃO, DISTRIBUIÇÃO, ETC.
Local de publicação, distribuição, etc. Rio de Janeiro, GB (Brasil):
Data da publicação, distribuição, etc. 1972.
500 ## - NOTA GERAL
Nota geral Anais do 3. Seminario Brasileiro de Sementes<br/>Rio de Janeiro, GB (Brasil): 1972. p. 120-121<br/>(BR6000818-AM)F60<br/>
650 ## - ASSUNTO--TERMO TÓPICO
Cabeçalho tópico ou nome geográfico FEIJAO
650 ## - ASSUNTO--TERMO TÓPICO
Cabeçalho tópico ou nome geográfico GERMINACAO
650 ## - ASSUNTO--TERMO TÓPICO
Cabeçalho tópico ou nome geográfico SEMENTE
650 ## - ASSUNTO--TERMO TÓPICO
Cabeçalho tópico ou nome geográfico PLANTULA
773 0# - ENTRADA ANALÍTICA
Título Anais do 3. Seminario Brasileiro de Sementes
Número de controle do registro F60 BR6000818
Partes relacionadas Rio de Janeiro, GB (Brasil), 1972. p. 120-121
909 ## -
-- 202404
-- Lucia
-- 55
-- Lucia Elande
942 ## - ELEMENTOS DE ENTRADA ADICIONADOS (KOHA)
Tipo de material Koha Capítulo-Livro
Fonte da classificação ou esquema de arquivamento na estante Classificação AGRIS
Exemplares
Situação do descarte Fonte da classificação ou esquema de arquivamento na estante Situação física Não pode ser emprestado Coleção Biblioteca de origem Biblioteca atual Localização na estante Total de empréstimos Número de telefone completo Data de último acesso Número do exemplar Tipo de material Koha Situação das perdas Data de aquisição Fonte de aquisição
  Classificação AGRIS       Biblioteca Nacional de Agricultura - Binagri Biblioteca Nacional de Agricultura - Binagri Agrobase - Acervo Geral   E40 BR9805221 20/05/2024 01 Capítulo-Livro   2024-04-11 Portaria Interministerial nº 164/94

BINAGRI

Telefone: (61)3218-2567/2388/3357/2097 - binagri@agro.gov.br

Ministério da Agricultura e Pecuária , Esplanada dos Ministérios, Bloco D, Anexo B, Brasília/DF, CEP: 70.043-900